| 000 | 00330nam a2200121Ia 4500 | ||
|---|---|---|---|
| 008 | 150202s9999 xx 000 0 und d | ||
| 050 |
_aFIC _bFIC |
||
| 100 | _aNiven, Larry. | ||
| 245 | 4 |
_aThe legacy of heorot / _cLarry Niven. |
|
| 260 |
_aNew York : _bPocket Books, _c1987. |
||
| 300 |
_a383 pages : _c18 cm. |
||
| 650 | _aFiction. | ||
| 999 |
_c282286 _d282286 |
||